| 000 | 00547nam a2200181Ia 4500 | ||
|---|---|---|---|
| 008 | 100921s9999 xx 000 0 und d | ||
| 082 |
_b2265 _a380 थ 0 |
||
| 100 | _aBose R.B. | ||
| 245 | _aCommon Commercial Terms. | ||
| 260 |
_bमूकर्जी आणि कंपनी,कलकत्ता. _c0 |
||
| 300 |
_a143 _b--- |
||
| 365 | _b0 | ||
| 520 | _aस.शा.-व्यापार. | ||
| 630 | _aCommon Commercial Terms. | ||
| 650 | _aस.शा.-व्यापार. | ||
| 730 | _aCommon Commercial Terms. | ||
| 942 | _cBOOK | ||
| 999 |
_c751378 _d751375 |
||